000 00799nam0a22002531 4500
001 rc\1178301
005 20041129085622.7
035 _a(NLR Aleph) 006420687
090 _a5445033
_c5445033
100 _a20041129d1980 u |0rusy50 ca
101 0 _arus
102 _aRU
105 _aa |||||||||
200 1 _aСистемы угловой стабилизации космических аппаратов
205 _a2-е изд., перераб. и доп.
210 _aМ.
_cМашиностроение
_d1980
215 _a172 с.
_cил.
_d21
320 _aБиблиогр.: с. 168-170 (48 назв.)
700 1 _aКаргу
_bЛ. И.
_gЛеонид Иванович
801 0 _aRU
_bNLR
_gpsbo
801 1 _aRU
_bELAR
_2rusmarc
852 _aNLR
_j80-5/2273
942 _cBOOK
980 _aNB